[Event "Challenge"]
[Site "http://www.queenalice.com/game.php?id=1811562"]
[Date "2023.5.9"]
[Round "-"]
[White "rumplestiltskin"]
[Black "Mr_SPOCK"]
[Result "1-0"]
[WhiteElo "1560"]
[BlackElo "1669"]

1. e4 e5 2. f4 exf4 3. Nf3 d5 4. exd5 Qxd5 5. d4 Bd6 6. Nc3 Qe6+ 7. Be2 Bb4 8.
Bd2 Nf6 9. O-O Qf5 10. a3 Ba5 11. Bd3 Qg4 12. Be2 b6 13. Ne5 Qh4 14. Rxf4 Qg5
15. Rf2 Qh4 16. Bb5+ c6 17. Nxc6 O-O 18. Rf4 Ng4 19. Qxg4 Bxg4 20. Ne5 h5 21.
Bc4 Kh7 22. Nf3 Qe7 23. Re1 Qb7 24. Bd3+ Kg8 25. Be4 Nc6 26. d5 Nd8 27. d6 Qd7
28. Ng5 g6 29. Bxa8 Nc6 30. Bxc6 Qxc6 31. Ref1 Qc5+ 32. Kh1 Qxd6 33. Nxf7 Qxd2
34. Nh6+ Kg7 35. Rxf8 Kxh6 36. Ne4 Qxc2 37. h3 Bf5 38. Nd6 Bd7 39. Nf7+ Kg7 40.
Ne5 Bc8 41. R1f7+ Kh6 42. Rh8+ Kg5 43. Nf3# 1-0

[Event "Challenge"]
[Site "http://www.queenalice.com/game.php?id=1812932"]
[Date "2023.5.31"]
[Round "-"]
[White "rumplestiltskin"]
[Black "cdare"]
[Result "0-1"]
[WhiteElo "1577"]
[BlackElo "1833"]

1. e4 e5 2. f4 exf4 3. Nf3 Nc6 4. d4 Bb4+ 5. Bd2 d6 6. c3 Ba5 7. Bxf4 Bg4 8.
Nbd2 Nf6 9. Bd3 O-O 10. h3 Bxf3 11. Qxf3 h6 12. g4 Nh7 13. e5 dxe5 14. dxe5 Ng5
15. Rd1 Nxf3+ 16. Nxf3 Qe7 17. Be4 Bb6 18. Rh2 Rab8 19. Bxc6 bxc6 20. Re2 Rfe8
21. Kf1 f6 22. Rdd2 fxe5 23. Bxe5 Qc5 24. Rd7 Rxe5 25. Ke1 Rxe2+ 26. Kxe2 Qe3+
27. Kf1 Qf2# 0-1

[Event "Challenge"]
[Site "http://www.queenalice.com/game.php?id=1818197"]
[Date "2023.8.6"]
[Round "-"]
[White "Mr_SPOCK"]
[Black "rumplestiltskin"]
[Result "1-0"]
[WhiteElo "1772"]
[BlackElo "1556"]

1. e4 c5 2. e5 Nc6 3. Nf3 e6 4. d4 cxd4 5. Bf4 Bc5 6. Bg5 Be7 7. Qd2 d6 8. Bb5
dxe5 9. h4 Bd7 10. Na3 f6 11. O-O-O Bxa3 12. bxa3 fxg5 13. hxg5 a6 14. Ba4 Nge7
15. Rde1 O-O 16. Re4 Ng6 17. Nh4 Nge7 18. g3 g6 19. Ng2 Qc7 20. Reh4 Rf7 21. c4
Nf5 22. R4h3 Rd8 23. Nh4 e4 24. Nxg6 Kg7 25. Nf4 Re8 26. Rxh7+ Kf8 27. Ng6+ Kg8
28. R7h6 Nxh6 29. Rxh6 Rh7 30. Nh4 Rxh6 31. gxh6 Rd8 32. Qg5+ Kf7 33. Qg7+ Ke8
34. Ng6 d3 35. Qf8# 1-0

[Event "Challenge"]
[Site "http://www.queenalice.com/game.php?id=1818286"]
[Date "2023.8.8"]
[Round "-"]
[White "rumplestiltskin"]
[Black "dejami"]
[Result "0-1"]
[WhiteElo "1581"]
[BlackElo "1732"]

1. e4 e5 2. f4 exf4 3. d4 g5 4. Bc4 d6 5. h3 a6 6. Nf3 h6 7. Qe2 c6 8. Nc3 b5 9.
Bb3 a5 10. a4 b4 11. Nd1 Ba6 12. Bc4 Bc8 13. d5 c5 14. O-O Qf6 15. c3 b3 16.
Bxb3 Ba6 17. Bc4 Bc8 18. Bb5+ Kd8 19. b3 h5 20. Bb2 Qg6 21. e5 Bb7 22. c4 g4 23.
Nd2 dxe5 24. Qxe5 f6 25. Qe6 Bc8 26. Qb6+ Ke7 27. Re1+ Kf7 28. Qc7+ Bd7 29. Bxd7
Nxd7 30. Qxd7+ Be7 31. Ne4 Kf8 32. Nd6 Rd8 33. Qf5 Qg7 34. Nf2 Bxd6 35. Ne4 Be7
36. Bxf6 Bxf6 37. d6 gxh3 38. Qxh3 Bd4+ 39. Kh1 Bxa1 40. Qf5+ Bf6 41. Qxf4 h4
42. Rf1 h3 43. Nxc5 Qxg2# 0-1

[Event "Challenge"]
[Site "http://www.queenalice.com/game.php?id=1818287"]
[Date "2023.8.8"]
[Round "-"]
[White "dejami"]
[Black "rumplestiltskin"]
[Result "1-0"]
[WhiteElo "1731"]
[BlackElo "1571"]

1. e4 c5 2. Bc4 e6 3. e5 a6 4. d4 d5 5. Be2 c4 6. c3 Nc6 7. Nh3 Nge7 8. b4 Qc7
9. a3 Ng6 10. Qa4 b5 11. Qc2 Be7 12. Qd1 O-O 13. f4 a5 14. bxa5 Rxa5 15. g3 f6
16. Nf2 fxe5 17. dxe5 Rd8 18. h4 d4 19. Qc2 d3 20. Bxd3 Ncxe5 21. Be4 Bc5 22.
fxe5 Rf8 23. Ng4 Bb7 24. Bxg6 Bxh1 25. Be4 Bf2+ 26. Nxf2 Bf3 27. Bf4 Bxe4 28.
Nxe4 Qb6 29. Kf1 Raa8 30. Ng5 Rf5 31. Nd2 Rd8 32. Rd1 h6 33. Nge4 Rd3 34. Kg2
Qa5 35. Nb1 Qd8 36. Nd6 Qa8+ 37. Kh3 g5 38. hxg5 Rxf4 39. Nxb5 Rff3 40. Rg1 Qb7
41. a4 Qb8 42. Nd6 Qc7 43. Na3 Qg7 44. Ne4 Rfe3 45. Nxc4 Rxc3 46. Nxc3 Rf3 47.
Ne4 hxg5 48. Nf6+ Kh8 49. Nd6 Qh6+ 50. Kg2 Kg7 51. Rh1 Qxh1+ 52. Kxh1 Rxf6 53.
exf6+ Kxf6 54. Ne4+ Ke5 55. Nxg5 1-0

[Event "Challenge"]
[Site "http://www.queenalice.com/game.php?id=1820051"]
[Date "2023.8.31"]
[Round "-"]
[White "rumplestiltskin"]
[Black "Rocio"]
[Result "1-0"]
[WhiteElo "1571"]
[BlackElo "1428"]

1. d4 d5 2. Nc3 Nf6 3. h3 Bf5 4. e3 Nc6 5. a3 h6 6. Nf3 a6 7. Bd3 Be6 8. Ne2 Qd6
9. c3 Na7 10. Ng3 O-O-O 11. Bf5 Nc6 12. O-O Kb8 13. Re1 g6 14. b3 gxf5 15. a4
Bg7 16. Ba3 Qd7 17. Qd2 h5 18. Ng5 h4 19. Ne2 Bh6 20. Nxe6 Qxe6 21. Nf4 Qd7 22.
c4 Ne4 23. Qc2 Rhg8 24. c5 Rg5 25. f3 Ng3 26. b4 e5 27. Ne2 e4 28. b5 axb5 29.
axb5 Na7 30. f4 Nxe2+ 31. Rxe2 Nxb5 32. fxg5 Bg7 33. Bb2 f6 34. Qa4 c6 35. Rc2
Kc8 36. Bc1 fxg5 37. Bd2 g4 38. Qa8+ Kc7 39. Ba5+ b6 40. Bxb6# 1-0

[Event "Challenge"]
[Site "http://www.queenalice.com/game.php?id=1822766"]
[Date "2023.10.10"]
[Round "-"]
[White "rumplestiltskin"]
[Black "Mr_SPOCK"]
[Result "0-1"]
[WhiteElo "1561"]
[BlackElo "1733"]

1. d4 d5 2. f4 Bf5 3. Nc3 Nf6 4. g3 Ne4 5. Bd2 e6 6. Nxe4 Bxe4 7. Nf3 Na6 8. e3
Bd6 9. Be2 Qd7 10. O-O h5 11. h4 e5 12. Ng5 Bf5 13. Bxa6 bxa6 14. fxe5 O-O-O 15.
e4 dxe4 16. c4 Bf8 17. Bc3 Rh6 18. d5 e3 19. Bd4 f6 20. Qe2 c5 21. Bc3 fxg5 22.
a3 gxh4 23. Qxe3 hxg3 24. Qf3 g2 25. Rf2 Bh3 26. e6 Qd6 27. Qxh3 Be7 28. b4 g5
29. Rxg2 Rdh8 30. Qe3 R8h7 31. Rb2 Qc7 32. b5 a5 33. Qd2 g4 34. Re1 h4 35. Bxa5
Qd6 36. Re3 g3 37. b6 a6 38. b7+ Kb8 39. Rb6 Qf4 40. Qe2 h3 41. Reb3 h2+ 42. Kh1
Rg7 43. Rb2 g2+ 44. Qxg2 Rxg2 45. Rxg2 Qf1+ 0-1

[Event "Challenge"]
[Site "http://www.queenalice.com/game.php?id=1824253"]
[Date "2023.10.30"]
[Round "-"]
[White "cdare"]
[Black "rumplestiltskin"]
[Result "1-0"]
[WhiteElo "1833"]
[BlackElo "1560"]

1. e4 c5 2. Nf3 d6 3. Bb5+ Bd7 4. Bxd7+ Nxd7 5. Nc3 e6 6. d3 Ngf6 7. O-O Be7 8.
Bg5 a6 9. a3 O-O 10. Qc1 Nb6 11. b3 Nbd7 12. h3 e5 13. Bh4 b5 14. Ne2 Qc7 15.
Ng3 Rfe8 16. Nf5 d5 17. Qg5 g6 18. Nxe7+ Rxe7 19. Qh6 Qd6 20. Rad1 d4 21. Bg5 a5
22. Bxf6 Nxf6 23. Ng5 a4 24. Ra1 Kh8 25. f4 Ng8 26. Qxh7# 1-0

[Event "Challenge"]
[Site "http://www.queenalice.com/game.php?id=1825760"]
[Date "2023.11.22"]
[Round "-"]
[White "rumplestiltskin"]
[Black "Piondanslevent"]
[Result "0-1"]
[WhiteElo "1542"]
[BlackElo "1636"]

1. e4 e5 2. f4 exf4 3. d4 g5 4. h3 Qe7 5. Nc3 Bg7 6. Nf3 h6 7. Be2 d6 8. O-O b6
9. Bd2 c6 10. d5 c5 11. Be1 a6 12. a3 Nd7 13. Nd2 Ne5 14. a4 c4 15. b3 cxb3 16.
cxb3 Nf6 17. Bf2 Nfd7 18. Bd4 O-O 19. Nf3 Bb7 20. b4 Rac8 21. Qd2 Rc7 22. a5 b5
23. Bf2 Nxf3+ 24. Bxf3 Bxc3 25. Qd3 Bxb4 26. Rfb1 Ne5 27. Qd1 Bc5 28. Bxc5 Rxc5
29. Rc1 Rfc8 30. Qe1 Nd3 31. Qd2 Nxc1 32. Bg4 Rc2 33. Qe1 R8c3 34. Bd1 Re3 0-1

[Event "Challenge"]
[Site "http://www.queenalice.com/game.php?id=1826160"]
[Date "2023.11.28"]
[Round "-"]
[White "rumplestiltskin"]
[Black "cdare"]
[Result "0-1"]
[WhiteElo "1560"]
[BlackElo "1811"]

1. e4 d5 2. exd5 Nf6 3. c4 c6 4. d4 h6 5. Nc3 cxd5 6. Nf3 Bg4 7. Be2 e6 8. c5
Nc6 9. O-O Be7 10. h3 Bxf3 11. Bxf3 O-O 12. a3 b6 13. Be3 bxc5 14. Ne2 c4 15.
Ng3 a5 16. Rc1 Bd6 17. Ne2 Bc7 18. Nc3 Qd6 19. Nb5 Qe7 20. Qd2 Kh7 21. Nc3 Qd6
22. Nb5 Qh2# 0-1

[Event "Let's Play Chess!"]
[Site "http://www.queenalice.com/game.php?id=1828137"]
[Date "2023.12.30"]
[Round "-"]
[White "Charlie"]
[Black "rumplestiltskin"]
[Result "1-0"]
[WhiteElo "1858"]
[BlackElo "1530"]

1. e4 c5 2. Nf3 d6 3. Bc4 e6 4. a4 Be7 5. h3 Bf6 6. O-O a6 7. Nc3 Ne7 8. d3 Bxc3
9. bxc3 Bd7 10. Qe2 Nbc6 11. Bf4 O-O 12. Bxd6 h6 13. Bxc5 Re8 14. Qe3 f5 15.
Rfb1 Qc7 16. Nd4 f4 17. Nxe6 Qe5 18. Nxf4+ Kh8 19. Rxb7 Qxc3 20. Rc1 Red8 21.
Bb6 Bc8 22. Rxe7 Nxe7 23. Bxd8 Nc6 24. Nd5 Nxd8 25. Nxc3 1-0

[Event "AUTO-INT-3859"]
[Site "http://www.queenalice.com/game.php?id=1828239"]
[Date "2023.12.31"]
[Round "1"]
[White "rumplestiltskin"]
[Black "NickThorp"]
[Result "0-1"]
[WhiteElo "1556"]
[BlackElo "1637"]

1. e4 e5 2. Nc3 Bb4 3. Nd5 Bc5 4. Nf3 Nc6 5. c4 d6 6. d3 Bg4 7. Bd2 Nf6 8. Nxf6+
Qxf6 9. Be2 O-O-O 10. h3 Bh5 11. O-O h6 12. a3 a6 13. Bc3 Bxf3 14. Bxf3 Nd4 15.
b4 Bb6 16. Bg4+ Kb8 17. Bd2 h5 18. Be2 Nxe2+ 19. Qxe2 c5 20. f4 exf4 21. Rxf4
Qxa1+ 22. Rf1 Qd4+ 23. Be3 Qe5 24. Bf4 Qd4+ 25. Kh1 cxb4 26. Be3 Qxe3 27. Qb2
Qxd3 28. Qc1 bxa3 29. Rf4 Be3 30. Qf1 Qxf1+ 31. Rxf1 f6 32. Rf3 Bc5 33. Rxa3
Bxa3 0-1

[Event "AUTO-INT-3859"]
[Site "http://www.queenalice.com/game.php?id=1828240"]
[Date "2023.12.31"]
[Round "1"]
[White "NickThorp"]
[Black "rumplestiltskin"]
[Result "0-1"]
[WhiteElo "1437"]
[BlackElo "1548"]

1. e4 e5 2. Nf3 d6 3. h3 Nc6 4. Bb5 Ne7 5. O-O a6 6. Ba4 Bd7 7. d3 Ng6 8. Nc3
Be7 9. Nd5 O-O 10. Nxe7+ Ngxe7 11. Bg5 f6 12. Bh4 Ng6 13. Bg3 b5 14. Bb3+ Kh8
15. Bd5 Nge7 16. Bxc6 Bxc6 17. a3 Ng6 18. c3 d5 19. exd5 Bxd5 20. b4 c6 21. d4
Bc4 22. Re1 a5 23. dxe5 a4 24. exf6 Bb3 25. Qxd8 Raxd8 26. fxg7+ Kxg7 27. Ne5
Nxe5 28. Rxe5 Rd7 29. Rg5+ Kf6 30. Rc5 Bd5 31. Rd1 Re8 32. Kh2 h5 33. Bh4+ Kg6
34. f3 Re2 35. c4 Be6 36. Rxd7 Bxd7 37. Rg5+ Kh6 38. cxb5 Ra2 39. bxc6 Rxa3 40.
cxd7 Rd3 0-1

[Event "AUTO-INT-3859"]
[Site "http://www.queenalice.com/game.php?id=1828241"]
[Date "2023.12.31"]
[Round "1"]
[White "rumplestiltskin"]
[Black "zmanomega"]
[Result "1-0"]
[WhiteElo "1527"]
[BlackElo "1601"]

1. d4 Nc6 2. Nf3 h6 3. e4 g5 4. Bb5 Bg7 5. Bxc6 dxc6 6. e5 Qd5 7. Nc3 Bg4 8.
Nxd5 cxd5 9. h3 Bf5 10. O-O O-O-O 11. c3 f6 12. a4 e6 13. b4 h5 14. a5 a6 15.
Qa4 Be4 16. b5 g4 17. bxa6 bxa6 18. Nd2 Bd3 19. Re1 gxh3 20. Nb3 hxg2 21. Nc5
Bf5 22. Qc6 1-0

[Event "AUTO-INT-3859"]
[Site "http://www.queenalice.com/game.php?id=1828242"]
[Date "2023.12.31"]
[Round "1"]
[White "zmanomega"]
[Black "rumplestiltskin"]
[Result "1-0"]
[WhiteElo "1570"]
[BlackElo "1572"]

1. e4 c5 2. Nf3 d6 3. d4 cxd4 4. Nxd4 e5 5. Nf3 Nf6 6. Bd3 Bd7 7. h3 a6 8. Qe2
Nc6 9. Bc4 Be7 10. Ng5 O-O 11. Nxf7 Rxf7 12. Bxf7+ Kxf7 13. Qf3 Nd4 14. Qc3 Rc8
15. Qg3 Nxc2+ 16. Ke2 Nxa1 17. Qe3 Bb5+ 18. Kf3 Nc2 19. Qd2 Nd4+ 20. Kg3 Ne2+
21. Kh2 Nxe4 22. Qd5+ Kf8 23. Qxe4 Kg8 24. Be3 g6 25. Qd5+ Kg7 26. Nc3 Nxc3 27.
bxc3 Rxc3 28. Re1 Bc6 29. Qe6 Bd7 30. Qd5 Bc6 31. Qd2 Rc4 32. Bh6+ Kh8 33. Qd3
Rd4 34. Qb3 Qc7 35. Qf7 1-0

[Event "AUTO-INT-3859"]
[Site "http://www.queenalice.com/game.php?id=1828243"]
[Date "2023.12.31"]
[Round "1"]
[White "rumplestiltskin"]
[Black "carlitomontana93270"]
[Result "1-0"]
[WhiteElo "1546"]
[BlackElo "1797"]

1. e4 c5 2. f4 d6 3. Nf3 g6 4. d4 b6 5. d5 Bg7 6. Nc3 Nf6 7. h3 O-O 8. Be2 Nbd7
9. O-O e5 10. dxe6 fxe6 11. Qxd6 Nb8 12. Rd1 Qxd6 13. Rxd6 Bb7 14. Bd3 Re8 15.
Bb5 Rf8 16. Bc4 Kh8 17. Rxe6 Nbd7 18. Bd2 Rfe8 19. Rxe8+ Rxe8 20. e5 Ne4 21. Be3
Nxc3 22. bxc3 a6 23. Rd1 Nf8 24. Bb3 Ne6 25. Bd5 Rd8 26. c4 Bc8 27. a4 Nc7 28.
Rd2 Be6 29. Ng5 Bg8 30. Bxg8 Kxg8 31. Rxd8+ Bf8 32. e6 1-0

[Event "AUTO-INT-3859"]
[Site "http://www.queenalice.com/game.php?id=1828244"]
[Date "2023.12.31"]
[Round "1"]
[White "carlitomontana93270"]
[Black "rumplestiltskin"]
[Result "1-0"]
[WhiteElo "1768"]
[BlackElo "1555"]

1. c4 e5 2. d3 c5 3. e3 Nf6 4. g3 d5 5. cxd5 Be7 6. Bg2 h6 7. Nc3 Bd7 8. Nf3 Bd6
9. O-O O-O 10. e4 Bg4 11. h3 Bxf3 12. Qxf3 a6 13. Be3 Re8 14. a3 b5 15. Rab1
Nbd7 16. Rbc1 Nb6 17. Ne2 Rc8 18. Rc2 Nfd7 19. Rfc1 c4 20. dxc4 bxc4 21. Kh2 Nf6
22. Bxb6 Qxb6 23. Nc3 a5 24. Na4 Qb5 25. Nc3 Qa6 26. Ne2 Rc7 27. Bf1 Rec8 28.
Ng1 Qb5 29. Qe2 Nd7 30. Rxc4 Bc5 31. Qc2 Nb6 32. Rc3 Qd7 33. Nf3 Na4 34. Rc4 Nb6
35. Rc3 g5 36. Nxe5 Qd6 37. Nd3 Nd7 38. e5 Qb6 39. d6 Ra7 40. Nxc5 Rf8 41. Nxd7
Rxd7 42. Rc7 Rdd8 43. Qc4 Qxf2+ 44. Bg2 Rb8 45. d7 Rxb2 46. Rc2 Qb6 47. d8=Q Qe6
48. Qxf8+ Kxf8 49. Qxe6 1-0

[Event "Challenge"]
[Site "http://www.queenalice.com/game.php?id=1828643"]
[Date "2024.1.6"]
[Round "-"]
[White "rumplestiltskin"]
[Black "Mr_SPOCK"]
[Result "1-0"]
[WhiteElo "1543"]
[BlackElo "1573"]

1. e4 e5 2. f4 exf4 3. Nf3 Nf6 4. d3 Bb4+ 5. Bd2 Nc6 6. c3 Bd6 7. Be2 Bc5 8.
Bxf4 Ng4 9. d4 Bb6 10. Qd2 a5 11. Bd3 O-O 12. h3 Nf6 13. O-O d5 14. e5 Nh5 15.
Bh2 Qe7 16. Ng5 g6 17. Be2 Ng7 18. Nf3 Nd8 19. Na3 c5 20. Nb5 Bd7 21. a4 f6 22.
Nd6 cxd4 23. cxd4 Nde6 24. exf6 Rxf6 25. Qd3 Rf4 26. Bxf4 Nxf4 27. Qb3 Bxh3 28.
Nb5 Qd7 29. Ne5 Nxe2+ 30. Kh2 Bxd4 31. Nxd7 Bxd7 32. Nxd4 Nxd4 33. Qxd5+ Nde6
34. Qxd7 h5 35. Rae1 h4 36. Rxe6 Rf8 37. Rxf8+ Kh7 38. Qf7 g5 39. Qg8# 1-0

[Event "Challenge"]
[Site "http://www.queenalice.com/game.php?id=1831345"]
[Date "2024.2.12"]
[Round "-"]
[White "rumplestiltskin"]
[Black "dejami"]
[Result "1-0"]
[WhiteElo "1544"]
[BlackElo "1646"]

1. e4 e5 2. f4 exf4 3. Nf3 c6 4. d4 g5 5. h3 Nf6 6. Nc3 Qa5 7. Bd3 Nh5 8. Bd2
Qd8 9. Bc4 Ng3 10. Rg1 b5 11. Bb3 a5 12. a4 b4 13. Ne2 Nxe4 14. Ne5 Qf6 15. Rf1
Bh6 16. Bxf7+ Ke7 17. Bb3 d6 18. Ng4 Bxg4 19. hxg4 d5 20. c3 Na6 21. Bc2 Nd6 22.
Rf3 Nc4 23. cxb4 Nxb2 24. Qb1 Nc4 25. b5 Rab8 26. g3 Rhe8 27. Qc1 Kd7 28. bxa6
Ra8 29. Rb1 Bf8 30. Rb7+ Kd8 31. Kf1 Bb4 32. gxf4 Bxd2 33. Qb1 Bb4 34. Rd3 Rxa6
35. f5 Kc8 36. Rxh7 Re4 37. Kf2 Rxg4 38. Rdh3 Rh4 39. R3xh4 gxh4 40. Bd3 Bd6 41.
Qb7+ Kd8 42. Qd7# 1-0

[Event "Challenge"]
[Site "http://www.queenalice.com/game.php?id=1831346"]
[Date "2024.2.12"]
[Round "-"]
[White "dejami"]
[Black "rumplestiltskin"]
[Result "1-0"]
[WhiteElo "1703"]
[BlackElo "1554"]

1. e4 c5 2. Bc4 e6 3. Nh3 d5 4. exd5 exd5 5. Bb5+ Nd7 6. d4 a6 7. Ba4 Nf6 8. Bg5
Qe7+ 9. Kf1 h6 10. Bh4 b5 11. Nc3 bxa4 12. Nxd5 Qe6 13. Nc7+ Ke7 14. Nxe6 a5 15.
Nc7 Ba6+ 16. Kg1 Kd8 17. Nxa8 c4 18. Qf3 Be7 19. Bg3 Re8 20. Qc6 1-0

[Event "Challenge"]
[Site "http://www.queenalice.com/game.php?id=1833868"]
[Date "2024.3.20"]
[Round "-"]
[White "cdare"]
[Black "rumplestiltskin"]
[Result "1-0"]
[WhiteElo "1778"]
[BlackElo "1564"]

1. e4 c5 2. Nf3 d6 3. Bb5+ Bd7 4. Bxd7+ Qxd7 5. Nc3 Nf6 6. d3 Nc6 7. a3 h6 8.
O-O e5 9. Be3 Ng4 10. Bd2 O-O-O 11. Nd5 f5 12. h3 Nf6 13. Nxf6 gxf6 14. b4 f4
15. Nh4 Ne7 16. c4 Kb8 17. b5 b6 18. a4 Rg8 19. Kh2 f5 20. f3 fxe4 21. dxe4 Ng6
22. Nxg6 Rxg6 23. a5 Rg5 24. axb6 Be7 25. bxa7+ Ka8 26. b6 Rh5 27. Qb1 Rg5 28.
b7+ Qxb7 29. Qxb7+ Kxb7 30. Rfb1+ Ka8 31. Ra6 Rg7 32. Ba5 Bh4 33. Bxd8 Bxd8 34.
Rb8# 1-0

[Event "Let's Play 746"]
[Site "http://www.queenalice.com/game.php?id=1834054"]
[Date "2024.3.25"]
[Round "-"]
[White "rumplestiltskin"]
[Black "digger"]
[Result "1/2-1/2"]
[WhiteElo "1557"]
[BlackElo "1721"]

1. e4 e5 2. f4 exf4 3. Nf3 d5 4. e5 Bf5 5. d3 g5 6. Nd4 Bg6 7. Nc3 c6 8. a3 Bc5
9. Nde2 d4 10. b4 Bb6 11. Na4 Bc7 12. Bb2 Bxe5 13. Qd2 Qd7 14. Nc5 Qc7 15. Nxd4
Qe7 16. O-O-O b6 17. Ne4 Qd7 18. c3 Ne7 19. Be2 h6 20. Nf3 Bc7 21. Nf6+ Kd8 22.
Nxd7 Nxd7 23. c4 f6 24. d4 Re8 25. Bd3 g4 26. Nh4 Bxd3 27. Qxd3 Rg8 28. Qh7 Nf8
29. Rhe1 Nxh7 30. d5 Re8 31. dxc6+ Kc8 32. Rd7 f3 33. gxf3 gxf3 34. Rexe7 Rxe7
35. Rxe7 Ng5 36. Re8+ Bd8 37. Kd2 f2 38. Bxf6 Kc7 39. Bxd8+ Rxd8+ 40. Rxd8 Kxd8
41. Ke2 Nh3 42. Nf5 h5 43. Ng7 Kc7 44. b5 h4 45. Ne6+ Kc8 46. c5 bxc5 47. Nxc5
Kc7 48. Na6+ Kc8 49. a4 Nf4+ 50. Kxf2 Ng6 51. a5 Ne5 52. Kg2 Nc4 53. Kh3 Nxa5
54. Nb4 Kc7 55. Kxh4 Nc4 56. Kg5 Nd6 57. Na6+ Kb6 58. c7 Nc8 59. h4 Kxb5 60. Nb8
Kb6 61. h5 Kxc7 62. Na6+ Kd7 63. Kg6 Ne7+ 64. Kf7 Nf5 65. Kg6 Ne7+ 66. Kg5 Ng8
67. h6 Nxh6 68. Kxh6 Kc6 69. Kg6 Kb6 70. Nb4 a5 71. Nc2 a4 72. Kf5 Kb5 73. Ke4
Kc4 74. Na3+ Kb3 75. Nb5 Kb4 76. Nd4 Kc3 77. Nb5+ Kb4 78. Nd4 Kc4 79. Nc2 Kb3
80. Kd3 Kb2 81. Kd2 Kb3 82. Kc1 Ka2 83. Nd4 Ka3 84. Kb1 Kb4 85. Ka2 Kc5 86. Nb3+
axb3+ 87. Kxb3 Kb5 1/2-1/2

[Event "Challenge"]
[Site "http://www.queenalice.com/game.php?id=1834936"]
[Date "2024.4.11"]
[Round "-"]
[White "rumplestiltskin"]
[Black "cdare"]
[Result "0-1"]
[WhiteElo "1558"]
[BlackElo "1816"]

1. e4 e5 2. f4 Nc6 3. Nf3 d6 4. Bb5 Bd7 5. O-O Nf6 6. d3 Be7 7. Nc3 O-O 8. Bxc6
Bxc6 9. f5 a6 10. Bg5 h6 11. d4 Bxe4 12. Bxf6 Bxf3 13. Bxe7 Bxd1 14. Bxd8 Bxc2
15. Bxc7 exd4 16. Nd5 Be4 17. Nf4 d5 18. Rad1 d3 19. Ba5 b5 20. Bb4 Rfd8 21. Nh5
f6 22. Rf4 Rd7 23. Rg4 Bxf5 24. Nxf6+ Kf7 25. Nxd7 Bxg4 26. Ne5+ Ke6 27. Rd2
Kxe5 28. Rxd3 g5 29. h3 Bf5 30. Re3+ Kd4 31. Rc3 Rc8 32. Rf3 Ke5 33. Kh2 d4 34.
Rf1 Bd3 35. Re1+ Kf6 36. Be7+ Kf7 37. Ba3 Re8 38. Rxe8 Kxe8 39. Bc5 Bb1 40. a3
d3 41. Be3 Kf7 42. Kg3 Kf6 43. Kg4 Bc2 44. h4 a5 45. hxg5+ hxg5 46. Bxg5+ Ke5
47. Kf3 Kf5 48. Bd2 a4 49. g4+ Kg6 50. Bb4 Kg5 51. Bd2+ Kg6 52. Kf4 Kf6 53. Kg3
Kg6 54. Kh4 Bd1 55. Bc3 Kh6 0-1

[Event "Challenge"]
[Site "http://www.queenalice.com/game.php?id=1843757"]
[Date "2024.9.15"]
[Round "-"]
[White "cdare"]
[Black "rumplestiltskin"]
[Result "1-0"]
[WhiteElo "1810"]
[BlackElo "1564"]

1. e4 e5 2. Nf3 d6 3. h3 f5 4. Nc3 Nf6 5. d3 Be7 6. Bg5 h6 7. Bxf6 Bxf6 8. Be2
Be6 9. O-O O-O 10. Nh2 Nc6 11. a3 f4 12. Bg4 Nd4 13. Bxe6+ Nxe6 14. Nd5 Nd4 15.
c3 c6 16. Nxf6+ Rxf6 17. cxd4 exd4 18. f3 Rg6 19. Qd2 c5 20. Qxf4 Qf8 21. Qd2 a5
22. Kh1 Re8 23. Qxa5 Re5 24. Ng4 Kh7 25. Nxe5 dxe5 26. Rac1 1-0